| 000 | 00892nam a22002057a 4500 | ||
|---|---|---|---|
| 005 | 20250124154935.0 | ||
| 010 | _aB-747299 E.N.A./7.11.22 ENG-143554 | ||
| 020 |
_a9789380887920 _c1795.00 |
||
| 035 | _aB-747299 | ||
| 035 | _aEN-127086 | ||
| 037 | _bJuggernaut Publications | ||
| 082 | _a320.934 | ||
| 245 |
_aArthashastra of Chanakya: _bThe Way of Financial Management and Economic Goverance/ _cTrans. by Rudrapatna Shamasatry |
||
| 260 |
_aNew Delhi _bJuggernaut Publications _c2022 |
||
| 270 |
_aF-3/16, Ansari Road, Daryagunj, _bNew Delhi _e110002 _k9310122101 |
||
| 300 |
_a288p _c24cm(hbk) |
||
| 700 |
_aShamasastry, Rudrapatna _977005 |
||
| 942 |
_2ddc _cEN _mART _h320.934 |
||
| 999 |
_c194226 _d194226 |
||